Коммуникации в бизнесе: [учебное пособие]

מידע ביבליוגרפי
מחברים אחרים: Моисеенко Е. А. Елена Александровна, Чернышёв М. А. Михаил Анатольевич, Анопченко Т. Ю. Татьяна Юрьевна, Болошин Г. А. Геннадий Алексеевич, Григан А. М. Александр Михайлович
סיכום:В пособии «Коммуникации в бизнесе» освещается широкий спектр проблем коммуникаций в бизнесе: понятие и предмет коммуникаций в бизнесе, значение коммуникаций в менеджменте, коммуникативная структура в организации, проблема эффективности коммуникаций, психологические особенности коммуникаций, этические особенности коммуникаций в бизнесе, невербальные коммуникации, устные коммуникации в бизнесе, конфликтные ситуации в коммуникациях и способы их разрешения. Учебное пособие предназначено для студентов, магистрантов, аспирантов экономических и менеджерских специальностей высших учебных заведений. Учебное пособие содержит систему научных знаний, которая составляет теоретическую основу коммуникаций в бизнесе.
שפה:רוסית
יצא לאור: Ростов-на-Дону, Феникс, 2007
סדרה:Высшее образование
נושאים:
פורמט: ספר
KOHA link:https://koha.lib.tpu.ru/cgi-bin/koha/opac-detail.pl?biblionumber=128335

MARC

LEADER 00000nam0a2200000 4500
001 128335
005 20231031132708.0
010 |a 9785222106754 
035 |a (RuTPU)RU\TPU\book\138812 
090 |a 128335 
100 |a 20071226d2007 m y0rusy50 ca 
101 0 |a rus 
102 |a RU 
105 |a a j 001zy 
200 1 |a Коммуникации в бизнесе  |e [учебное пособие]  |f Е. А. Моисеенко [и др.] 
210 |a Ростов-на-Дону  |c Феникс  |d 2007 
215 |a 315 с.  |c ил. 
225 1 |a Высшее образование 
320 |a Литература: с. 312-314. 
330 |a В пособии «Коммуникации в бизнесе» освещается широкий спектр проблем коммуникаций в бизнесе: понятие и предмет коммуникаций в бизнесе, значение коммуникаций в менеджменте, коммуникативная структура в организации, проблема эффективности коммуникаций, психологические особенности коммуникаций, этические особенности коммуникаций в бизнесе, невербальные коммуникации, устные коммуникации в бизнесе, конфликтные ситуации в коммуникациях и способы их разрешения. Учебное пособие предназначено для студентов, магистрантов, аспирантов экономических и менеджерских специальностей высших учебных заведений. Учебное пособие содержит систему научных знаний, которая составляет теоретическую основу коммуникаций в бизнесе. 
610 1 |a психология 
610 1 |a общение 
610 1 |a бизнес 
610 1 |a коммуникации 
610 1 |a деловое общение 
610 1 |a этика 
610 1 |a деловая этика 
610 1 |a невербальные коммуникации 
610 1 |a публичные выступления 
610 1 |a деловые беседы 
610 1 |a интервью 
610 1 |a деловые совещания 
610 1 |a переговоры 
610 1 |a спор 
610 1 |a конфликты 
610 1 |a критика 
610 1 |a учебные пособия 
686 |a Ю953я73  |v LBC/SL-A  |2 rubbk 
701 1 |a Моисеенко  |b Е. А.  |g Елена Александровна 
701 1 |a Чернышёв  |b М. А.  |g Михаил Анатольевич 
701 1 |a Анопченко  |b Т. Ю.  |g Татьяна Юрьевна 
701 1 |a Болошин  |b Г. А.  |g Геннадий Алексеевич 
701 1 |a Григан  |b А. М.  |g Александр Михайлович 
801 1 |a RU  |b 63413507  |c 20071226  |g PSBO 
801 2 |a RU  |b 63413507  |c 20150618  |g PSBO 
942 |c BK